00809nam a2200229 i 4500001000700000003000900007005001700016007000300033008004100036100002600077245012200103250001500225260004000240300003200280490004300312600002800355651003400383700004200417700004500459830004300504852003200547117599ES-MaACL20260301184635.0t|070214s1971 sp r ||||1| spa d1 aPedrol Rius, Antonio.14aLos asesinos del General Prim / cAntonio Pedrol Rius ; prólogo Eduardo Aunós ; epílogo Dr. de la Fuente Chaos. a[2ª ed.]. aBarcelona : bEdiciones 29, c1971. a136 p. 12 lám. ; c19 cm.1 aColección "Brumas de España" ; v114aPrim, Juan, d1814-1870 7aEspaña-xHistoria-yS.XIX21 aAunós Pérez, Eduardo, d1894-19671 aFuente Chaos, Alfonso de la, d1908-19880 aColección "Brumas de España" ; v1 aES-MaACLjC-41587 bR.77102